000 00586nam a2200193Ia 4500
005 20260114185652.0
008 008 260114s9999 xx 000 0 eng d
020 _a9781472553478
037 _aEBOOK
040 _aCRL
_beng
_cCRL
041 _aeng
_2eng
084 _qCRL
100 _aToshio Suzuki
_9872915
245 0 _aJapanese Government Loan Issues on the London Capital Market 1870-1913
260 _bBloomsbury
_c2012
856 _uhttps://doi.org/10.5040/9781472553478?locatt=label:secondary_bloomsburyCollections
942 _cEBOOK
999 _c1471863
_d1471863